Harry Potter Wizard Classes - Statistics

General Stats
  • This quiz has been taken 455 times
  • The average score is 9 of 10
Answer Stats
Proffesor Class They Teach % Correct
Slughorn Potions
99%
Flitwick Charms
95%
Hooch Flying
94%
Sprout Herbology
94%
McGonagall Transfiguration
93%
Firenze Divination
86%
Binns History of Magic
86%
Grubbly Pank Care of Magical Creatures
83%
Snape Defence against the dark arts
65%
Vector Arithmancy
61%
No matching quizzes found
Score Distribution
Percent of People with Each Score
Percentile by Number Answered
Your Score History
You have not taken this quiz